000 00706nam a2200217Ia 4500
003 GCL
008 140319s9999 xx 000 0 ara d
040 _aGCL /
_cGCL
082 0 4 _a953.07393
_bم ا
100 1 _aمحمد فتحى الشاعر
245 1 0 _aاحوال المسلمين فى مملكة بيت المقدس الصليبية 1187-1099م /
_cمحمد فتحى الشاعر
260 _a[S.N] :
_bلجنة الاعلام والدراسات المستقبلية ،
_c1990
300 _a38 ص
490 _a
650 0 4 _aتاريخ
650 0 4 _aالاسلام
650 0 4 _aالحروب الصليبية
650 0 4 _aالقدس
650 0 4 _aبيت المقدس
942 _2ddc
_cBK
999 _c30890
_d30890